Kraje, które wygrały Oscara za najlepszy film międzynarodowy - Statystyki

Ogólne statystyki
  • Ten quiz został rozwiązany 84 razy
  • Średni wynik to 20 z 28
Statystyki odpowiedzi
Laureat Ilość wygranych % Poprawnych
Japonia 5
98%
Niemcy 3
98%
Rosja 1
97%
Francja 12
97%
Polska 1
97%
Włochy 14
95%
Czechy 1
93%
Hiszpania 4
93%
Meksyk 1
92%
Szwecja 3
92%
Argentyna 2
89%
Korea Południowa 1
89%
Austria 2
87%
Dania 4
84%
Szwajcaria 2
79%
Holandia 3
75%
Kanada 1
75%
Południowa Afryka 1
72%
Węgry 2
62%
Iran 2
59%
Chile 1
54%
Związek Radziecki 3
48%
Algieria 1
31%
Czechosłowacja 2
30%
Tajwan 1
26%
Bośnia i Hercegowina 1
20%
Niemcy Zachodnie 1
16%
Wybrzeże Kości Słoniowej 1
11%
Nie znaleziono quizów pasujących do podanych kryteriów
Rozkład punktacji
Procent ludzi z każdym wynikiem
Percentyl według liczby udzielonych odpowiedzi
Twoja historia wyników
Nie rozwiązałeś tego quizu